Statues of People Picture Quiz - Statistics

General Stats
  • This quiz has been taken 26,131 times
  • The average score is 10 of 16
Answer Stats
Picture Hint Answer % Correct
Rio de Janeiro Jesus
99%
Washington D.C. Abraham Lincoln
98%
Hong Kong Bruce Lee
90%
Chicago Michael Jordan
89%
Hong Kong Buddha
83%
Madeira Cristiano Ronaldo
81%
Ulaanbaatar Genghis Khan
74%
Seattle (originally Slovakia) V.I. Lenin
62%
Baghdad Saddam Hussein
61%
Hong Kong Queen Victoria
52%
London Horatio Nelson
50%
London Richard the Lionheart
36%
Moscow Peter the Great
30%
Washington D.C. Ulysses S. Grant
25%
Boston Martin Luther King, Jr. /
Coretta Scott King
23%
Rome Marcus Aurelius
19%
No matching quizzes found
Score Distribution
Percent of People with Each Score
Percentile by Number Answered
Your Score History
You have not taken this quiz